FIELD ARTILLERY RADAR SYSTEM,FM6-161 (Record no. 581472)
[ view plain ]
| 000 -LEADER | |
|---|---|
| fixed length control field | 00247nam a22000977a 4500 |
| 082 ## - DEWEY DECIMAL CLASSIFICATION NUMBER | |
| Classification number | 621.3848,FIE'L |
| 245 ## - TITLE STATEMENT | |
| Title | FIELD ARTILLERY RADAR SYSTEM,FM6-161 |
| 260 ## - PUBLICATION, DISTRIBUTION, ETC. | |
| Place of publication, distribution, etc. | WASHINGTON |
| Name of publisher, distributor, etc. | HEADQUARTERS ARMY |
| Date of publication, distribution, etc. | 1984 |
| 300 ## - PHYSICAL DESCRIPTION | |
| Other physical details | FIELD MANUAL 6-161 |
| 942 ## - ADDED ENTRY ELEMENTS (KOHA) | |
| Koha item type | Book |
| Withdrawn status | Lost status | Damaged status | Not for loan | Permanent Location | Current Location | Shelving location | Date acquired | Total Checkouts | Full call number | Barcode | Date last seen | Price effective from | Koha item type |
|---|---|---|---|---|---|---|---|---|---|---|---|---|---|
| College of Electrical & Mechanical Engineering (CEME) | College of Electrical & Mechanical Engineering (CEME) | General Stacks | 02/22/2017 | 621.3848,FIE'L | CEME-19138 | 06/28/2021 | 06/28/2021 | Book |
